Memorable Movie Moments Quiz Stats

 Plays Quiz Updated Dec 8, 2014

Challenge
Share
Tweet
Embed
Score 0/40 Timer 06:00
11 Plays Today
% Correct
Rocky Balboa
91.3%
I Am Legend
88%
The Truman Show
85.6%
Happy Gilmore
85.6%
The Empire Strikes Back
84.2%
Carrie
83%
Ocean's 12
82.1%
Good Will Hunting
82%
The Shining
81.8%
Four Weddings And A Funeral
79.7%
Dumb and Dumber
79.5%
The Shawshank Redemption
79%
Superbad
78.1%
Saving Private Ryan
77.5%
Groundhog Day
77.3%
V For Vendetta
76.3%
Rain Man
75.1%
Seven
74.7%
No Country For Old Men
73.6%
Lethal Weapon 2
73.1%
% Correct
Scream
72.9%
Lost In Translation
72.8%
American History X
72.2%
Fatal Attraction
70.8%
300
68.5%
Phenomenon
68.2%
John Q
66.5%
Titanic
66.5%
The Reader
66.1%
28 Days Later
65.8%
Memento
65%
A Fish Called Wanda
64.6%
Doubt
64.1%
Wedding Crashers
63.7%
Trainspotting
63.3%
Batman & Robin
62.8%
The Town
62.3%
Snatch
61.8%
The Beach
61.4%
Drive
60.1%

You're not logged in!

Compare scores with friends on all Sporcle quizzes.
Join for Free
OR
Log In

You Might Also Like...

Show Comments

Extras

Top Quizzes Today


Score Distribution

Your Account Isn't Verified!

In order to create a playlist on Sporcle, you need to verify the email address you used during registration. Go to your Sporcle Settings to finish the process.

Report this User

Report this user for behavior that violates our Community Guidelines.

Details: